Coordinación social del trabajo, mercado y reproducción de la vida humana: preludio a una teoría crítica de la racionalidad reproductiva /

Gorde:
Xehetasun bibliografikoak
Egile nagusia: Hinkelammert, Franz J.
Beste egile batzuk: Mora, Henry M.
Formatua: Texto
Argitaratua: San José: DEI
Gaiak:
Etiketak: Etiketa erantsi
Etiketarik gabe, Izan zaitez lehena erregistro honi etiketa jartzen!

MARC

LEADER 00000 a a2200000 04500
001 33808
003
040
090 |a 1002 H663c  
100 |a Hinkelammert, Franz J.  
245 |a Coordinación social del trabajo, mercado y reproducción de la vida humana: preludio a una teoría crítica de la racionalidad reproductiva /  |c Franz J. Hinkelammert 
260 |a San José:   |b DEI  
300 |a 340 p.  
650 |a DIVISION DEL TRABAJO  
650 |a MERCADO  
650 |a TEORIA ECONOMICA  
650 |a TEORIA CRITICA  
650 |a ECONOMIA  
650 |a MARXISMO  
700 |a Mora, Henry M.  
999 |c 14796  |d 14796